000 00607nam a2200205Ia 4500
008 150610s9999 xx 000 0 und d
020 _a9780439023481
050 _aPZ7
_b.C696 2008  
100 _aCollins, Suzanne
245 _aHunger games /
_cSuzanne Collins.
250 _a1st ed.
260 _aNew York :
_bScholastic Press,
_c2008.
300 _a374pages ;
_c22 cm.
440 _aThe Hunger Games ; bk. 1
_vv.1
520 _aFiction.
650 _aContests 
_bFiction
650 _aInterpersonal relations
_xFiction.
650 _aTelevision programs
_xFiction.
650 _bScience fiction.
999 _c287889
_d287889